UK Top Ten Artists of 2012 - Statistics

General Stats
  • This quiz has been taken 40 times
  • The average score is 58 of 143
Answer Stats
% Correct
2012 May Where Have You Been Rihanna 6
97%
2012 October Diamonds Rihanna 1
97%
2012 October Skyfall Adele 2
94%
2012 June Princess of China Coldplay & Rihanna 4
94%
2011 October We Found Love Rihanna ft. Calvin Harris 1
91%
2012 March Turn Me On David Guetta ft. Nicki Minaj 8
89%
2012 December Stay Rihanna ft. Mikky Ekko 4
86%
2011 December Paradise Coldplay 1
83%
2012 January Titanium David Guetta ft. Sia 1
83%
2012 October She Wolf (Falling to Pieces) David Guetta ft. Sia 8
83%
2011 November Lego House Ed Sheeran 5
83%
2012 March Drunk Ed Sheeran 9
83%
2012 February Wild Ones Flo Rida ft. Sia 4
83%
2012 February Somebody That I Used to Know Gotye ft. Kimbra 1
83%
2012 March N***** in Paris Jay-Z & Kanye West 10
83%
2012 September Gangnam Style Psy 1
83%
2012 September We Are Never Ever Getting Back Together Taylor Swift 4
83%
2012 December I Knew You Were Trouble Taylor Swift 2
83%
2012 September Watchtower Devlin ft. Ed Sheeran 7
80%
2011 October Sexy and I Know It LMFAO 5
80%
2012 March Starships Nicki Minaj 2
80%
2012 July Pound the Alarm Nicki Minaj 8
80%
2012 December Scream & Shout will.i.am & Britney Spears 1
80%
2012 April Call Me Maybe Carly Rae Jepsen 1
77%
2011 December Levels Avicii 4
74%
2012 April Laserlight Jessie J ft. David Guetta 5
74%
2012 October One More Night Maroon 5 8
74%
2012 June Payphone Maroon 5 ft. Wiz Khalifa 1
74%
2012 December Torublemaker Olly Murs ft. Flo Rida 1
74%
2012 November Locked Out of Heaven Bruno Mars 2
71%
2012 March Part of Me Katy Perry 1
71%
2012 July Wide Awake Katy Perry 9
71%
2012 September Hall of Fame The Script ft. will.i.am 1
71%
2012 February T.H.E. (The Hardest Ever) will.i.am ft. Jennifer Lopez & Mick Jagger 3
71%
2011 November Good Feeling Flo Rida 1
69%
2012 June Whistle Flo Rida 2
69%
2012 September I Cry Flo Rida 3
69%
2012 December Girl on Fire Alicia Keys 5
66%
2012 April Boyfriend Justin Bieber 2
66%
2012 July This Is Love will.i.am ft. Eva Simons 1
66%
2012 May Let's Go Calvin Harris ft. Ne-Yo 2
63%
2012 February Stronger (What Doesn't Kill You) Kelly Clarkson 8
63%
2012 September Good Time Owl City & Carly Rae Jepsen 5
63%
2012 October Sweet Nothing Calvin Harris ft. Florence Welch 1
60%
2012 January Domino Jessie J 1
60%
2012 August We'll Be Coming Back Calvin Harris ft. Example 2
57%
2012 September Some Nights Fun 7
57%
2012 April We Are Young Fun ft. Janelle Monáe 1
57%
2011 December Dance with Me Tonight Olly Murs 1
57%
2012 February International Love Pitbull ft. Chris Brown 10
57%
2012 May Live My Life Far East Movement ft. Justin Bieber 7
54%
2012 August Running Up That Hill (A Deal With God) (2012 Remix) Kate Bush 6
54%
2012 September Blow Me (One Last Kiss) Pink 3
54%
2012 December Try Pink 8
54%
2012 December Die Young Kesha 7
51%
2012 November Ho Hey The Lumineers 8
51%
2012 November Beneath Your Beautiful Labrinth ft. Emeli Sandé 1
49%
2012 October Don't You Worry Child Swedish House Mafia ft. John Martin 1
49%
2012 January Antidote Swedish House Mafia vs. Knife Party 4
49%
2011 December Cannonball Little Mix 1
46%
2012 September Wings Little Mix 1
46%
2012 November DNA Little Mix 3
46%
2012 November Wonder Naughty Boy ft. Emeli Sandé 10
43%
2012 February One Thing One Direction 9
43%
2012 October Live While We're Young One Direction 3
43%
2012 November Little Thins One Direction 1
43%
2012 November Candy Robbie Williams 1
43%
2012 May Drive By Train 6
40%
2012 April Turn Up the Music Chris Brown 1
34%
2012 July Don't Wake Me Up Chris Brown 2
34%
2012 December Impossible James Arthur 1
34%
2012 May R.I.P. Rita Ora ft. Tinie Tempah 1
34%
2012 June Chasing the Sun The Wanted 2
34%
2012 November I Found You The Wanted 3
34%
2012 October Turn Around Conor Maynard ft. Ne-Yo 8
31%
2012 October Anything Could Happen Ellie Goulding 5
31%
2012 February Next to Me Emeli Sandé 2
31%
2012 August Real All About It, Pt. III Emeli Sandé 3
31%
2012 September Let Me Love You (Until You Learn to Love Yourself) Ne-Yo 1
31%
2012 April Climax Usher 4
31%
2012 June Scream Usher 5
31%
2012 February Hot Right Now DJ Fresh ft. Rita Ora 1
29%
2011 November Earthquake Labrinth ft. Tinie Tempah 2
29%
2012 June Euphoria Loreen 3
29%
2012 August How We Do (Party) Rita Ora 1
29%
2012 November Shine Ya Light Rita Ora 10
29%
2012 January Mama Do the Hump Rizzle Kicks 2
29%
2012 July Spectrum (Say My Name) Florence and the Machine 1
26%
2012 March Last Time Labrinth 4
26%
2012 February Born to Die Lana Del Rey 9
26%
2012 April Oridinary People John Legend 4
23%
2011 December Wherever You Are Military Wives ft. Gareth Malone 1
20%
2012 March She Doesn't Mind Sean Paul 2
20%
2012 April So Good B.o.B 7
17%
2012 October Trouble Leona Lewis ft. Childish Gambino 7
17%
2012 March Bright Lights Tinchy Stryder ft. Pixie Lott 7
17%
2012 August One Day Like This Elbow 4
14%
2012 September Say Nothing Example 2
14%
2012 January Kiss the Stars Pixie Lott 8
14%
2012 April Ill Manors Plan B 6
14%
2012 June Feel the Love Rudimental ft. John Newman 1
14%
2012 May Too Close Alex Clare 4
11%
2012 June Call My Name Cheryl 1
11%
2012 March Ass Back Home Gym Class Heroes ft. Neon Hitch 9
11%
2012 March Proud JLS 6
11%
2012 November Hottest Girl in the World JLS 6
11%
2011 December Dedication to My Ex (Miss That) Lloyd ft. André 3000 & Lil Wayne 3
11%
2012 January Troublemaker Taio Cruz 3
11%
2012 May 30 Days The Saturdays 7
11%
2012 March Elephant Alexandra Burke ft. Erick Morillo 3
9%
2012 September You Bring Me Joy Amelia Lily 2
9%
2012 April Can't Say No Conor Maynard 2
9%
2012 August Vegas Girl Conor Maynard 4
9%
2012 February Twilight Cover Drive 1
9%
2012 May Sparks Cover Drive 4
9%
2012 June The Power DJ Fresh ft. Dizzee Rascal 6
9%
2012 November The Power of Love Gabrielle Aplin 1
9%
2012 June Sing Gary Barlow & The Commonwealth Band ft. Military Wives 1
9%
2012 December Something New Girls Aloud 2
9%
2012 August Brokenhearted Karmin 6
9%
2012 June When She Was Mine Lawson 4
9%
2012 August Taking Over Me Lawson 3
9%
2012 October Standing in the Dark Lawson 6
9%
2012 March Seven Nation Army Marcus Collins 9
9%
2012 November Love Is Easy McFly 10
9%
2012 June Black Heart Stooshe 3
9%
2012 March Love Me Stooshe ft. Travie McCoy 5
9%
2012 August Heatwave Wiley ft. Ms D 1
9%
2012 November Can You Hear Me? (Ayayaya) Wiley ft. Skepta, JME & Ms D 3
9%
2012 February Alone Again Alyssa Reid ft. Jump Smokers 2
6%
2012 September Wonderful Angel 9
6%
2012 March Rockstar Dappy ft. Brian May 2
6%
2012 May Oliver Twist D'banj 9
6%
2012 November Do You Think of Me? Misha B 9
6%
2012 June Picking Up the Pieces Paloma Faith 7
6%
2012 August Lost in Your Love Redlight 5
6%
2012 September Bom Bom Sam and the Womp 1
6%
2012 April Level Up Sway 8
6%
2012 August Simply Amazing Trey Songz 8
6%
2012 May Young Tulisa 1
6%
2012 August Language Porter Robinson 9
3%
2012 June Payphone Precision Tunes 9
3%
2012 September Harder Than You Think Public Enemy 4
3%
No matching quizzes found
Score Distribution
Percent of People with Each Score
Percentile by Number Answered
Your Score History
You have not taken this quiz